Don Manuel Baldrich en la Residencia Universitaria
Colección:
San Jorge,
; núm. 14 (abril 1954), pàg 120
Materias:
Baldrich i Tibau, Manuel, -- 1911-1966
; Residència Universitària Ramon Llull (Barcelona, Catalunya)
; Conferències
Idioma:
Español
MARC
| LEADER | 00000naa a2200000 a 4500 | ||
|---|---|---|---|
| 003 | Arxiu | ||
| 005 | 20260324181037.0 | ||
| 008 | 160829s1954 spc xx s spa c | ||
| 040 | |a agdb | ||
| 245 | 0 | 0 | |a Don Manuel Baldrich en la Residencia Universitaria |
| 490 | |a San Jorge, |v núm. 14 (abril 1954), pàg 120 | ||
| 600 | 1 | 0 | |a Baldrich i Tibau, Manuel, |d 1911-1966 |9 21224 |
| 610 | 1 | 0 | |a Residència Universitària Ramon Llull (Barcelona, Catalunya) |9 54739 |
| 650 | 0 | |a Conferències |9 55184 | |
| 773 | |g Núm. 14 (abril 1954), pàg 120 |t San Jorge. | ||
| 901 | |a Arxiu | ||
| 942 | |n 1 |2 udc |c ART | ||
| 952 | |0 0 |1 0 |4 0 |6 REV509 |7 1 |9 64809 |a Arxiu |b Arxiu |d 2022-12-14 |l 0 |o Rev-509 |r 2022-12-14 00:00:00 |w 2022-12-14 |y ARXIU | ||
| 999 | |c 48547 |d 48547 | ||